000
00244 a2200085 4500
020
_a
9789355518644
100
_a
Rajan Gupta
_9
212641
245
_a
Fundamentals of IOT(Get familiar with the building blocks of IOT)
260
_b
BPB Publication
_c
2023
999
_c
367226
_d
367226